| 000 | 00443nam a2200181Ia 4500 | ||
|---|---|---|---|
| 001 | 22736 | ||
| 005 | 20260414150851.0 | ||
| 008 | 260414t2006||||xx |||||||||||||| ||spa|| | ||
| 041 | _aESP | ||
| 082 |
_a621.395 _bB84 |
||
| 100 |
_aBrown, Stephen _eAUT |
||
| 245 | 0 |
_aFundamentos de lógica digital con diseño VHDL _b |
|
| 260 | _c2006 | ||
| 300 |
_a939 páginas : _c23 cm. |
||
| 650 | _aTCA | ||
| 654 | _aCET | ||
| 942 |
_cLIB _dJUS _fJUS _2ddc _n |
||
| 999 |
_c22736 _d22736 |
||